Active players with over 1000 games in Nhl - Statistics

General Stats
  • This quiz has been taken 79 times
  • The average score is 17 of 34
Answer Stats
GP / Current team Answer % Correct
1375 / WSH Alexander Ovechkin
98%
1219 / PIT Sidney Crosby
98%
1092 / PIT Evgeni Malkin
89%
1319 / LAK Anze Kopitar
88%
1279 / DAL Joe Pavelski
84%
1186 / DET Patrick Kane
84%
1364 / CAR Brent Burns
82%
1059 / DAL Jamie Benn
79%
1032 / TBL Steven Stamkos
77%
1034 / PIT Kris Letang
75%
1204 / CAR Jordan Staal
73%
1114 / PHI Marc Staal
73%
1057 / TOR John Tavares
64%
1122 / LAK Drew Doughty
57%
1004 / TBL Victor Hedman
57%
1126 / OTT Claude Giroux
55%
1105 / WSH Nicklas Backstrom
55%
1391 / DAL Ryan Suter
46%
1022 / NSH Ryan O'reilly
43%
1255 / SJS Marc-Edouard Vlasic
41%
1138 / COL Jack Johnson
38%
1273 / - Corey Perry
32%
1272 / PIT Jeff Carter
32%
1122 / TOR Mark Giordano
32%
1004 / DAL Matt Duchene
30%
1111 / CHI Nick Foligno
29%
1016 / BUF Kyle Okposo
27%
1147 / NYR Blake Wheeler
25%
1012 / NYI Cal Clutterbuck
14%
1246 / COL Andrew Cogliano
11%
1081 / DET David Perron
11%
1053 / MIN Alex Goligoski
9%
1177 / - Milan Lucic
7%
1031 / EDM Sam Gagner
5%
No matching quizzes found
Score Distribution
Percent of People with Each Score
Percentile by Number Answered
Your Score History
You have not taken this quiz